[Event "AUTO-MASTER-1590"]
[Site "http://www.queenalice.com/game.php?id=1029906"]
[Date "2012.2.15"]
[Round "1"]
[White "agasch"]
[Black "smothered_mate"]
[Result "0-1"]
[WhiteElo "2066"]
[BlackElo "2290"]

1. d4 Nf6 2. Nf3 d5 3. e3 e6 4. Bd3 Bd6 5. O-O Nbd7 6. c4 dxc4 7. Bxc4 a6 8. Nc3
b5 9. Bd3 Bb7 10. a3 c5 11. h3 O-O 12. Ng5 Rc8 13. Nce4 Bb8 14. dxc5 Nxc5 15.
Nxf6+ gxf6 16. Bxh7+ Kg7 17. Qg4 fxg5 18. e4 Kxh7 19. Bxg5 Qc7 20. f4 Nxe4 21.
Qh5+ Kg8 22. Bf6 Qc5+ 23. Qxc5 Nxc5 24. Kh2 Nd3 25. Rad1 Nxf4 0-1

[Event "AUTO-MASTER-1590"]
[Site "http://www.queenalice.com/game.php?id=1029907"]
[Date "2012.2.15"]
[Round "1"]
[White "smothered_mate"]
[Black "agasch"]
[Result "1-0"]
[WhiteElo "2300"]
[BlackElo "2073"]

1. d4 d5 2. c4 e6 3. Nc3 Nf6 4. Bg5 Nbd7 5. e3 c6 6. Nf3 Qa5 7. Qb3 Ne4 8. Bf4
Bb4 9. Rc1 Nb6 10. Bd3 g5 11. Bc7 dxc4 12. Bxc4 Bxc3+ 13. bxc3 Qf5 14. Bd3 g4
15. Qc2 gxf3 16. Bxe4 fxg2 17. Rg1 Qh5 18. Rxg2 Nd5 19. Be5 f6 20. Bd6 f5 21.
Be5 Rf8 22. Bd3 Qf3 23. Rg7 b6 24. Be2 Qh3 25. Qa4 Bd7 26. Qa6 Bc8 27. Qa3 1-0

[Event "AUTO-MASTER-1590"]
[Site "http://www.queenalice.com/game.php?id=1029908"]
[Date "2012.2.15"]
[Round "1"]
[White "agasch"]
[Black "miltonlovisk"]
[Result "1-0"]
[WhiteElo "2115"]
[BlackElo "1992"]

1. e4 e5 2. Nf3 Qf6 3. Nc3 c6 4. d4 exd4 5. Qxd4 Qxd4 6. Nxd4 Bb4 7. Bd2 Nf6 8.
O-O-O O-O 9. f3 d5 10. e5 Nfd7 11. f4 f6 12. Ne6 Ba5 13. Nxf8 Kxf8 14. e6 Nc5
15. f5 b5 16. a3 Bb6 17. Bf4 Ke7 18. Bd3 g6 19. g4 Nba6 20. h4 Bc7 21. Bxc7 Nxc7
22. h5 g5 23. b4 Nxd3+ 24. Rxd3 a6 25. Kb2 Bb7 26. a4 Ne8 27. axb5 axb5 28. Ra1
Nd6 29. Rxa8 Bxa8 30. Nd1 Nc4+ 31. Kb1 Bb7 32. Nb2 Ne5 33. Ra3 Kd6 34. Ra7 Bc8
35. Ra8 Kc7 36. Nd3 Nxg4 37. e7 Kd7 38. Rxc8 Kxe7 39. Rxc6 Nh6 40. Rc7+ Kd6 41.
Rxh7 Nxf5 42. Rh8 g4 43. h6 1-0

[Event "AUTO-MASTER-1590"]
[Site "http://www.queenalice.com/game.php?id=1029909"]
[Date "2012.2.15"]
[Round "1"]
[White "miltonlovisk"]
[Black "agasch"]
[Result "0-1"]
[WhiteElo "1973"]
[BlackElo "2090"]

1. e4 e5 2. Nf3 Nc6 3. a3 Nf6 4. Nc3 d5 5. exd5 Nxd5 6. Nxd5 Qxd5 7. b3 Bg4 8.
Be2 O-O-O 9. d3 Bc5 10. c4 Qd7 11. b4 Bxf3 12. gxf3 Qd4 13. Be3 Qc3+ 14. Bd2
Bxf2+ 15. Kxf2 Qd4+ 16. Be3 Qh4+ 17. Kg2 Rd6 18. Bf2 Rg6+ 19. Bg3 f5 20. Kf2
Qd4+ 21. Kf1 Rd8 22. Bf2 Qd7 23. Qa4 e4 24. b5 exf3 25. Bxf3 Qxd3+ 26. Be2 Qh3+
27. Ke1 Qc3+ 0-1

[Event "AUTO-MASTER-1625"]
[Site "http://www.queenalice.com/game.php?id=1047220"]
[Date "2012.4.9"]
[Round "1"]
[White "EL_CHICO"]
[Black "agasch"]
[Result "0-1"]
[WhiteElo "2147"]
[BlackElo "2127"]

1. d4 d5 2. c4 e6 3. Nc3 Nf6 4. Bf4 c6 5. cxd5 exd5 6. Nf3 Be7 7. e3 O-O 8. Bd3
Nbd7 9. Qc2 b5 10. Ng5 h6 11. h4 b4 12. Ne2 c5 13. b3 cxd4 14. Nxd4 Bb7 15. Rh3
Qc8 16. Qb1 Qc3+ 17. Ke2 hxg5 18. hxg5 Ne4 19. Qd1 Qb2+ 20. Qc2 Qxa1 21. f3 Rac8
22. Bxe4 Rxc2+ 23. Nxc2 Ba6+ 24. Kf2 Qf1+ 25. Kg3 dxe4 26. fxe4 Nc5 0-1

[Event "AUTO-MASTER-1625"]
[Site "http://www.queenalice.com/game.php?id=1047221"]
[Date "2012.4.9"]
[Round "1"]
[White "agasch"]
[Black "EL_CHICO"]
[Result "1-0"]
[WhiteElo "2101"]
[BlackElo "2151"]

1. e4 e5 2. Nf3 Nc6 3. Bb5 Nd4 4. Nxd4 exd4 5. O-O c6 6. Bc4 b5 7. Bb3 c5 8. Bd5
Rb8 9. d3 Bb7 10. Bf4 d6 11. Re1 Be7 12. Bxb7 Rxb7 13. e5 dxe5 14. Bxe5 Nf6 15.
Bxf6 gxf6 16. Qg4 Qd6 17. Qc8+ 1-0

[Event "AUTO-MASTER-1625"]
[Site "http://www.queenalice.com/game.php?id=1047232"]
[Date "2012.4.9"]
[Round "1"]
[White "WeirdGoblin"]
[Black "agasch"]
[Result "1-0"]
[WhiteElo "2274"]
[BlackElo "2140"]

1. d4 d5 2. Nf3 Nf6 3. c4 e6 4. g3 Be7 5. Bg2 O-O 6. O-O c6 7. b3 dxc4 8. bxc4
Nbd7 9. Nc3 Qc7 10. Bf4 Bd6 11. Bxd6 Qxd6 12. e4 e5 13. d5 cxd5 14. cxd5 Qb4 15.
Qb3 Qe7 16. Rac1 Nc5 17. Qb1 Ne8 18. d6 Qxd6 19. Rfd1 Qe7 20. Nd5 Qd6 21. Nxe5
Qxe5 22. Rxc5 b6 23. f4 Qh5 24. Ne7+ Kh8 25. Rxh5 1-0

[Event "AUTO-MASTER-1625"]
[Site "http://www.queenalice.com/game.php?id=1047233"]
[Date "2012.4.9"]
[Round "1"]
[White "agasch"]
[Black "WeirdGoblin"]
[Result "0-1"]
[WhiteElo "2132"]
[BlackElo "2287"]

1. e4 d5 2. e5 c5 3. b4 cxb4 4. d4 Bf5 5. a3 e6 6. axb4 Bxb4+ 7. c3 Be7 8. Qb3
Qc8 9. Nf3 Nc6 10. Ba3 Bxb1 11. Rxb1 Bxa3 12. Qxa3 Nge7 13. Bd3 O-O 14. Ng5 h6
15. Nh7 Rd8 16. Qc1 Ng6 17. h4 Kxh7 18. h5 Ne7 19. g4 Kg8 20. hxg6 fxg6 21. Rb3
Rf8 22. Bb1 a5 23. Qc2 a4 24. Ra3 b5 25. Qe2 b4 0-1

[Event "AUTO-MASTER-1625"]
[Site "http://www.queenalice.com/game.php?id=1047240"]
[Date "2012.4.9"]
[Round "1"]
[White "agasch"]
[Black "rotwein"]
[Result "1-0"]
[WhiteElo "2125"]
[BlackElo "2168"]

1. e4 c5 2. Nf3 e6 3. d4 cxd4 4. Nxd4 a6 5. Be3 Nf6 6. Nc3 Bb4 7. Bd3 Qc7 8. Nf3
Bxc3+ 9. bxc3 Qxc3+ 10. Bd2 Qc7 11. e5 Ng4 12. Qe2 Nc6 13. Bc3 f6 14. exf6 Nxf6
15. Bxf6 gxf6 16. O-O O-O 17. Rfe1 d5 18. c4 d4 19. c5 e5 20. Bc4+ Kh8 21. Nh4
Qg7 22. Rab1 Qg5 23. Nf3 Qg7 24. Nd2 Bf5 25. Rb3 Rad8 26. Rg3 Qh6 27. Rd1 Ne7
28. Ne4 Nd5 29. Nd6 Nf4 30. Qd2 Bg6 31. Nxb7 Rc8 32. Bxa6 Rc7 33. Qb4 Qh5 34.
Re1 Rb8 35. Qb6 1-0

[Event "AUTO-MASTER-1625"]
[Site "http://www.queenalice.com/game.php?id=1047241"]
[Date "2012.4.9"]
[Round "1"]
[White "rotwein"]
[Black "agasch"]
[Result "1-0"]
[WhiteElo "2164"]
[BlackElo "2138"]

1. d4 Nf6 2. Bg5 e6 3. Nc3 d5 4. e4 dxe4 5. Nxe4 Be7 6. Nxf6+ Bxf6 7. Bxf6 Qxf6
8. Nf3 Nd7 9. Bd3 O-O 10. O-O e5 11. dxe5 Nxe5 12. Nxe5 Qxe5 13. c3 Be6 14. Re1
Qg5 15. Qf3 c6 16. Qe3 Qxe3 17. Rxe3 Rad8 18. a3 Rd6 19. Rae1 Rfd8 20. Bf5 Rd2
21. Bxe6 fxe6 22. b4 Ra2 23. Rxe6 Rdd2 24. Re8+ Kf7 25. R8e7+ Kf6 26. g4 Rd6 27.
Rxb7 Rxa3 28. Re3 a5 29. bxa5 Rxa5 30. Rf3+ Kg6 31. Rff7 h5 32. Rxg7+ Kf6 33.
Rbf7+ Ke6 34. gxh5 Rxh5 35. Rg6+ Kxf7 36. Rxd6 Rc5 37. Rd3 Ke6 38. Kg2 Ke5 39.
Kf3 Rc4 40. Kg3 c5 41. f4+ Rxf4 42. Re3+ Kf5 43. Rf3 1-0

[Event "Challenge"]
[Site "http://www.queenalice.com/game.php?id=1064995"]
[Date "2012.5.28"]
[Round "-"]
[White "TMG"]
[Black "agasch"]
[Result "1-0"]
[WhiteElo "2248"]
[BlackElo "2127"]

1. e4 e5 2. Nf3 Nc6 3. Bc4 Bc5 4. c3 Nf6 5. d4 exd4 6. cxd4 Bb4+ 7. Bd2 Bxd2+ 8.
Nbxd2 d6 9. O-O O-O 10. Re1 d5 11. exd5 Nxd5 12. Rc1 Nb6 13. Bb3 Bg4 14. h3 Bh5
15. Rc5 Bg6 16. Nc4 Nd7 17. Rd5 1-0

[Event "AUTO-MASTER-1891"]
[Site "http://www.queenalice.com/game.php?id=1191351"]
[Date "2013.6.15"]
[Round "1"]
[White "agasch"]
[Black "ACamargo"]
[Result "1-0"]
[WhiteElo "2126"]
[BlackElo "1967"]

1. e4 e5 2. Nf3 d6 3. d4 Bg4 4. dxe5 Bxf3 5. Qxf3 dxe5 6. Bc4 Qe7 7. Nc3 Qf6 8.
Qe2 Bb4 9. Bd2 c6 10. O-O-O Qg6 11. Nb5 Bxd2+ 12. Qxd2 Na6 13. Qd7+ Kf8 14. Qxb7
Re8 15. Nd6 Nc5 16. Qxc6 1-0

[Event "AUTO-MASTER-1891"]
[Site "http://www.queenalice.com/game.php?id=1191352"]
[Date "2013.6.15"]
[Round "1"]
[White "ACamargo"]
[Black "agasch"]
[Result "0-1"]
[WhiteElo "1869"]
[BlackElo "2139"]

1. d4 Nf6 2. c4 e6 3. Nc3 d5 4. e3 Be7 5. Bd2 O-O 6. c5 Nbd7 7. Bd3 e5 8. Bf5 e4
9. f3 Bxc5 10. dxc5 Nxc5 11. Bxc8 Nd3+ 12. Ke2 Rxc8 13. Qc2 Qd7 14. fxe4 dxe4
15. Nh3 Qg4+ 16. Kf1 Rfe8 17. Nf2 Qf5 18. Nd1 Nxf2 19. Nxf2 Ng4 20. Bc3 Nxe3+
0-1

[Event "AUTO-MASTER-1891"]
[Site "http://www.queenalice.com/game.php?id=1191353"]
[Date "2013.6.15"]
[Round "1"]
[White "agasch"]
[Black "pomar"]
[Result "1-0"]
[WhiteElo "2119"]
[BlackElo "1936"]

1. d4 d5 2. Nf3 Bg4 3. Ne5 Bh5 4. g4 Bg6 5. e3 f6 6. Nxg6 hxg6 7. Bd3 Kf7 8. c4
Rh3 9. Qc2 Nh6 10. cxd5 Nxg4 11. Bxg6+ Kg8 12. Bf5 Rh4 13. Nc3 Nxh2 14. Be6+ Kh8
15. Rxh2 Rxh2 16. Qg6 Na6 17. Qf7 Kh7 18. e4 Qe8 19. Qg8+ 1-0

[Event "AUTO-MASTER-1891"]
[Site "http://www.queenalice.com/game.php?id=1191354"]
[Date "2013.6.15"]
[Round "1"]
[White "pomar"]
[Black "agasch"]
[Result "0-1"]
[WhiteElo "1948"]
[BlackElo "2133"]

1. f3 e5 2. Kf2 d5 3. e3 Bd6 4. c4 Nf6 5. cxd5 O-O 6. Nc3 c6 7. dxc6 Nxc6 8. g3
Be6 9. Bh3 e4 10. Bxe6 fxe6 11. f4 e5 12. Qb3+ Kh8 13. Qxb7 exf4 14. Qxc6 fxg3+
15. Kg2 Rc8 16. Qa4 gxh2 17. Nge2 Qe7 18. Ng3 Rxc3 19. bxc3 Qe5 20. Ne2 Nh5 0-1

[Event "AUTO-MASTER-1891"]
[Site "http://www.queenalice.com/game.php?id=1191355"]
[Date "2013.6.15"]
[Round "1"]
[White "agasch"]
[Black "Nephi_R"]
[Result "0-1"]
[WhiteElo "2143"]
[BlackElo "2051"]

1. e4 c5 2. Nf3 d6 3. d4 cxd4 4. Nxd4 Nf6 5. Nc3 a6 6. Bg5 g6 7. Qd2 h6 8. Be3
Ng4 9. Bc4 Nxe3 10. Qxe3 Bg7 11. O-O Nc6 12. Nxc6 bxc6 13. f4 O-O 14. Qg3 Kh7
15. Kh1 Be6 16. Bd3 Bxc3 17. bxc3 f5 0-1

[Event "AUTO-MASTER-1891"]
[Site "http://www.queenalice.com/game.php?id=1191356"]
[Date "2013.6.15"]
[Round "1"]
[White "Nephi_R"]
[Black "agasch"]
[Result "1-0"]
[WhiteElo "2071"]
[BlackElo "2128"]

1. e4 e5 2. Nf3 Nc6 3. d4 exd4 4. Bc4 Nf6 5. e5 d5 6. Bb5 Ne4 7. O-O Bc5 8. Nxd4
Bd7 9. Bxc6 bxc6 10. c3 Qe7 11. Bf4 g5 12. e6 Bxe6 13. Be5 Rg8 14. Nxc6 Qd7 15.
Nd4 g4 16. Nd2 Ng5 17. Kh1 1-0